Riconosci l'Anno dagli eventi - Quiz n°470 - Statistics

Statistiche generali
  • Questo quiz è stato fatto 6 volte
  • Il punteggio medio è 9 su 11
Statistiche sulle risposte
Indizio Risposta % Corretto
A 1º gennaio - Flavio Felice e Flavio Tauro iniziano il loro consolato.
100%
H Il semi-leggendario signore della guerra (e "Re supremo" dei Britanni) Vortigern, che da alcuni anni governa la Britannia chiama dei mercenari sassoni e germanici per sconfiggere gli Scoti, i germanici entro un anno si rivolteranno contro di lui, venendo seguiti da una massiccia invasione e un trasferimento di popolazioni.
100%
C I Vandali conquistano Siviglia e Cartagena, è incoronato Rex Wandalorum et Alanorum Genserico, che ordina di costruire una flotta nella Betica.
100%
L Sant'Eutimio il grande e San Tecisto fondano un monastero (Laura) in Palestina, convertendo diverse tribù arabe.
100%
F Agostino d'Ippona tiene una conferenza pubblica in cui attacca l'arianesimo, sostenuto invece dal nuovo vescovo di Ippona Massimino.
80%
I Clodio guida i Franchi salii nell'attuale Belgio, scacciandovi le guarnigoni romane.
80%
E Flavio Ezio sconfigge i Visigoti e riconquista Arles.
80%
D Il generale romano Bonifacio, entrato in rotta con il comandante supremo Flavio Ezio, guida i Vandali in Africa.
80%
B Nestorio diviene patriarca di Costantinopoli.
80%
G I Sasanidi insediano un proprio governatore nell'Armenia orientale, deponendo l'ultimo re armeno Artassio IV e ponendo fine alla sua dinastia.
60%
Anno 428
20%
Nessun quiz corrispondente trovato
Distribuzione punteggi
Percentuale di utenti per punteggio
Percentile per numero di risposta
I tuoi punteggi nel tempo
Non hai fatto questo quiz